000
00304nam a2200109Ia 4500
008
171211s9999 xx 000 0 und d
245
_a
Scleroderma
245
_c
Icon Health Publications
260
_c
2004
650
_x
Encyclopedia and Dictionary
856
_u
http://down.ebook777.com/058/059784299X.pdf
999
_c
350158
_d
350158